| 000 | 01115nac a22002771u 4500 | ||
|---|---|---|---|
| 003 | EG-ScBUE | ||
| 005 | 20220331104903.0 | ||
| 008 | 200219s2006 ii f 000 1 eng d | ||
| 020 | _a8175811625 | ||
| 040 |
_aEG-ScBUE _beng _erda _cEG-ScBUE _dEG-ScBUE |
||
| 082 | 0 | 4 |
_a822.6 _bSHE _222 |
| 100 | 1 |
_aSheridan, Richard Brinsley, _d1751-1816, _eauthor. |
|
| 245 | 1 | 4 |
_aThe rivals : _bexited with a critical introduction, complete paraphrase of the text, notes and explanations with questions and answers / _cR. B. Sheridan, prof. Kalyannath Dutta, M.A., formerly head, Department of English, Sivanath Sastri College, Calcutta. |
| 250 | _aSixth edition. | ||
| 264 | 1 |
_aNew Delhi : _bRama Brothers India Pvt. Ltd., _c2006. |
|
| 300 |
_axi, 440 pages ; _c21 cm |
||
| 336 |
_2rdacontent _atext _btxt |
||
| 337 |
_2rdamedia _aunmediated _bn |
||
| 338 |
_2rdacarrier _avolume _bnc |
||
| 650 | 7 |
_aEnglish drama. _y19th century. _2BUEsh |
|
| 651 | 7 |
_aBath (England) _vDrama. _2BUEsh |
|
| 653 |
_bHHUUEENN _cMarch2022 |
||
| 655 |
_vReading book _934232 |
||
| 700 | 1 |
_aDutta, Kalyannath, _eauthor. _939648 |
|
| 942 |
_cNB _2ddc |
||
| 999 |
_c9236 _d9236 |
||